000 00602nam a2200217Ia 4500
003 OSt
005 20220923230815.0
006 a|||||r|||| 00| 0
007 ta
008 Pun
024 _a305,711
037 _cTextual
040 _aARTS
_cARTS
_bPun
041 _2Pun
_aPun
082 _aQ8441:21, 153L6.2
100 _aਗੁਰਦਿਤ ਸਿੰਘ
245 0 _aਦੂਜਾ ਗੁਰੂ ਗ੍ਰੰਥ ਵਿਚਾਰ ਸੰਮੇਲਨ ਅੰਕ
260 _c1976
942 _hQ8441:21, 153L6.2
_cTEXL
_2CC
999 _c387501
_d387501